| 000 | 00421nam a2200109Ia 4500 | ||
|---|---|---|---|
| 008 | 220204s9999 xx 000 0 und d | ||
| 082 |
_aNR:633:581.1(047) _bRRI |
||
| 245 | 0 | _aReport of the training programme in crop physiology and latex harvest technology, 11 July-3 October 2011, Rubber Research Institute of India, Kottayam | |
| 260 |
_aKottayam _bRubber Research Institute of India _c2011 |
||
| 300 | _a41p. | ||
| 942 | _cBK | ||
| 999 |
_c44845 _d44845 |
||